HAGAKURE : (Registro nro. 22537)
[ vista simple ]
| 000 -LEADER | |
|---|---|
| fixed length control field | 01819nam a22002297a 4500 |
| 003 - CONTROL NUMBER IDENTIFIER | |
| control field | DO-CoUTE |
| 005 - DATE AND TIME OF LATEST TRANSACTION | |
| control field | 20230510112232.0 |
| 008 - FIXED-LENGTH DATA ELEMENTS--GENERAL INFORMATION | |
| fixed length control field | 230510b dr ||||| |||| 00| 0 spa d |
| 020 ## - INTERNATIONAL STANDARD BOOK NUMBER | |
| International Standard Book Number | 978-84-943449-4-7 |
| 040 ## - CATALOGING SOURCE | |
| Original cataloging agency | DO-CoUTE |
| Language of cataloging | spa |
| Transcribing agency | DO-CoUTE |
| 082 ## - DEWEY DECIMAL CLASSIFICATION NUMBER | |
| Edition number | 22 |
| Classification number | 895.6 T882h 2015 |
| 100 1# - MAIN ENTRY--PERSONAL NAME | |
| Personal name | Tsunetomo, yamamoto |
| Relator term | autor |
| 245 10 - TITLE STATEMENT | |
| Title | HAGAKURE : |
| Remainder of title | El código del Samurái / |
| Statement of responsibility, etc. | yamamoto Tsunetomo |
| 250 ## - EDITION STATEMENT | |
| Edition statement | primera edición |
| 260 ## - PUBLICATION, DISTRIBUTION, ETC. | |
| Place of publication, distribution, etc. | México : |
| Name of publisher, distributor, etc. | QUATERNI, |
| Date of publication, distribution, etc. | 2015 |
| 300 ## - PHYSICAL DESCRIPTION | |
| Extent | 135 páginas : |
| Other physical details | Fotos ; |
| Dimensions | 16x22cm. |
| 504 ## - BIBLIOGRAPHY, ETC. NOTE | |
| Bibliography, etc. note | Incluye referencia bibliográfica e índice |
| 520 ## - SUMMARY, ETC. | |
| Summary, etc. | Con un estilo narrativo que recuerda a Las mil y una noches, Hagakure es una colección de cuentos y anécdotas que nos muestran el verdadero espíritu del Bushido, el Camino del Samurái. Una filosofía alejada de nuestra visión occidental, pero narrada con gran maestría a través del dibujo y de una selección de relatos tan aleccionadores como sorprendentes.<br/><br/>Un joven samurái busca el consejo de un viejo y experimentado guerrero que se ha convertido en un monje zen. Así comienzan una serie de enseñanzas memorables, cuentos de samuráis y de guerreros famosos y su esfuerzo por no desviarse del Camino. Con cada anécdota, el joven no solo aprenderá lo que significa ser un samurái, sino también lo que es el sentido del deber, el coraje, la justicia, la lealtad y el honor.Basado en la traducción realizada por William Scott Wilson del clásico japonés del siglo XVIII, esta es la primera vez que se versiona en cómic el que es considerado el más influyente de todos los tratados de samuráis, una obra que deleitará por igual a los fans del manga y a todo aquel interesado en la cultura japonesa. |
| 650 #4 - SUBJECT ADDED ENTRY--TOPICAL TERM | |
| Source of heading or term | código samurái |
| 700 1# - ADDED ENTRY--PERSONAL NAME | |
| Personal name | Sean Michael Wilson |
| Relator term | autor |
| 942 ## - ADDED ENTRY ELEMENTS (KOHA) | |
| Source of classification or shelving scheme | Dewey Decimal Classification |
| Koha item type | Libros |
| Withdrawn status | Lost status | Source of classification or shelving scheme | Damaged status | Not for loan | Collection code | Home library | Current library | Shelving location | Date acquired | Inventory number | Full call number | Barcode | Date last seen | Copy number | Price effective from | Koha item type |
|---|---|---|---|---|---|---|---|---|---|---|---|---|---|---|---|---|
| Dewey Decimal Classification | Préstamo Interno | Colección General | Biblioteca UTECO | Biblioteca UTECO | En Estantería | 05/10/2023 | 022053 | 895.6 T882h 2015 | 022053 | 05/10/2023 | Ej.1 | 05/10/2023 | Libros |
